| 000 | 00811nas a2200277 454500 | ||
|---|---|---|---|
| 001 | IICA0600424 | ||
| 003 | BR-BrBNA | ||
| 005 | 20260323111523.0 | ||
| 007 | ta | ||
| 008 | 260323b bl.|||p| |||| 00| 00por d | ||
| 040 |
_aBR-BrBNA _bpor _cBiblioteca Nacional de Agricultura |
||
| 041 | _a(Es) | ||
| 072 | _aH20 | ||
| 100 | 1 | _aDesrosiers, R. | |
| 100 | 1 | _aBolanos, C.W. | |
| 245 | 1 | _aInhibition of sporophore development of Marasmius perniciosus (Stahel)on cacao | |
| 300 | _av. 5 (1-2) p. 28-32 | ||
| 650 | _aCACAU | ||
| 650 | _aTHEOBROMA CACAO | ||
| 650 | _aVASSOURA-DE-BRUXA | ||
| 650 | _aCONTROLE QUIMICO | ||
| 650 | _aFUNGICIDA | ||
| 773 | 0 |
_tTURRIALBA (IICA) _X0041-4360 _g(Jan-Jun 1955), v. 5 (1-2) p. 28-32 _wIICA0600424 |
|
| 909 |
_a202603 _bLúcia _c55 _dLúcia Elande |
||
| 942 |
_2IICA _n0 _cANA |
||
| 999 |
_c340675 _d340675 |
||